[Event "Furman Memorial"]
[Site "St Petersburg RUS"]
[Date "1995.??.??"]
[Round "6"]
[White "Savon, Vladimir A"]
[Black "Levitina, Irina S"]
[Result "1/2-1/2"]
[WhiteElo "2390"]
[BlackElo "2420"]
[PlyCount "29"]
[EventDate "1995.11.??"]
[Source "www.chesslib.no"]
[SourceDate "2004.05.04"]

1. d4 e6 2. c4 f5 3. Nf3 Nf6 4. g3 d5 5. Bg2 c6 6. O-O Bd6 7. b3 O-O 8. Ba3 Bxa3 9. Nxa3 Qe7 10. Qc1 Nbd7 11. Qb2 Ne4 12. e3 Ndf6 13. Rac1 Bd7 14. Ne5 Be8 15. b4 1/2-1/2

[Event "IBM-B"]
[Site "Amsterdam"]
[Date "1979.??.??"]
[Round "13"]
[White "Van der Sterren, Paul"]
[Black "Bohm, Hans"]
[Result "1-0"]
[WhiteElo "2400"]
[BlackElo "2410"]
[PlyCount "77"]
[EventDate "1979.07.??"]
[Source "ChessBase"]

1. d4 f5 2. g3 Nf6 3. Bg2 e6 4. Nf3 Be7 5. O-O d5 6. c4 c6 7. b3 O-O 8. Ba3 Bd7 9. e3 Be8 10. Qc1 Nbd7 11. Nc3 Rc8 12. Ne2 Ne4 13. Nf4 Bf7 14. Qb2 g5 15. Bxe7 Qxe7 16. Nd3 Bh5 17. Nfe5 Nxe5 18. Nxe5 Nf6 19. Nd3 Nd7 20. Rfc1 h6 21. b4 Nb6 22. Ne5 Nxc4 23. Nxc4 dxc4 24. Rxc4 f4 25. exf4 gxf4 26. Re1 Rce8 27. Rc5 Bg4 28. Re4 Qd7 29. h3 Bf5 30. Rxf4 e5 31. Rxe5 Bxh3 32. Bxh3 Qxh3 33. Qb3+ Kh8 34. Qf3 Rg8 35. Rf7 Re6 36. Rxe6 Qxe6 37. d5 Qe5 38. d6 Rg7 39. d7 1-0

[Event "Las Vegas USA"]
[Site "?"]
[Date "2006.06.10"]
[Round "1"]
[White "Antic Dejan"]
[Black "Belorusov Mikhail"]
[Result "1-0"]
[WhiteElo "2491"]
[BlackElo "2309"]
[PlyCount "121"]
[EventDate "2006.??.??"]
[Source "www.chesslib.no"]
[SourceDate "2004.05.04"]

1. d4 d5 2. c4 e6 3. Nf3 c6 4. g3 f5 5. Bg2 Nf6 6. O-O Be7 7. b3 O-O 8. Ba3 Ne4 9. Bxe7 Qxe7 10. Qc2 Nd7 11. Nbd2 Nxd2 12. Qxd2 Nf6 13. Ne5 Nd7 14. Nd3 Nf6 15. Rfe1 Rd8 16. Qb2 Bd7 17. Rac1 Be8 18. b4 a6 19. a4 Rab8 20. a5 dxc4 21. Rxc4 Bf7 22. Rcc1 Qd6 23. e3 Rbc8 24. Ne5 Rc7 25. f3 Re7 26. Bf1 Be8 27. Bc4 h5 28. Rcd1 Nd7 29. Nd3 Nf8 30. Nc5 Kh7 31. e4 Bg6 32. Qc1 fxe4 33. fxe4 Rf7 34. Qe3 Qe7 35. Rf1 Rxf1+ 36. Rxf1 Re8 37. e5 Bf5 38. Be2 g6 39. Kg2 Nd7 40. Nxb7 Nxe5 41. Nc5 Ng4 42. Qf4 g5 43. Qd2 h4 44. h3 Nh6 45. g4 Qd6 46. Qe3 Bg6 47. Rf6 Rf8 48. Rxf8 Qxf8 49. Qxg5 Qb8 50. Qxh4 Qf4 51. Qf2 Qd2 52. Bd3 Qxb4 53. Bxg6+ Kxg6 54. Qc2+ Kg7 55. Nxe6+ Kf6 56. Nf4 Kg5 57. Qc1 Qxa5 58. Nd5+ Kg6 59. Qxc6+ Kh7 60. Nf6+ Kg7 61. Nh5+ 1-0

[Event "It (cat.3)"]
[Site "Stockholm (Sweden)"]
[Date "2007.06.16"]
[Round "8"]
[White "Poley Vladimir (BLR)"]
[Black "Karlsson Lars (SWE)"]
[Result "1/2-1/2"]
[WhiteElo "2326"]
[BlackElo "2469"]
[PlyCount "29"]
[EventDate "2007.??.??"]
[Source "www.chesslib.no"]
[SourceDate "2004.05.04"]

1. d4 e6 2. Nf3 f5 3. g3 Nf6 4. Bg2 d5 5. O-O Bd6 6. c4 O-O 7. b3 c6 8. Ba3 Bxa3 9. Nxa3 Qe7 10. Qc1 Nbd7 11. Qb2 a5 12. Nc2 Ne4 13. Nce1 Nd6 14. Rc1 b5 15. cxb5 1/2-1/2

[Event "JUG-ch (Women) 1"]
[Site "Vrnjacka Banja"]
[Date "1996.??.??"]
[Round "?"]
[White "Peng, Zhaoqin"]
[Black "Stepovaia Dianchenko, Tatiana"]
[Result "0-1"]
[WhiteElo "2410"]
[BlackElo "2385"]
[PlyCount "92"]
[EventDate "1996.??.??"]
[Source "www.chesslib.no"]
[SourceDate "2004.05.04"]

1. d4 f5 2. c4 e6 3. g3 Nf6 4. Bg2 Be7 5. Nf3 d5 6. O-O c6 7. b3 O-O 8. Ba3 Bxa3 9. Nxa3 Qe7 10. Nc2 b6 11. Nce1 Bb7 12. Nd3 Nbd7 13. Nfe5 Rac8 14. Rc1 Nxe5 15. Nxe5 Rfd8 16. c5 Nd7 17. Nxd7 Rxd7 18. Qd3 g6 19. a4 bxc5 20. Rxc5 e5 21. Rfc1 e4 22. Qd2 Rf8 23. b4 a6 24. e3 g5 25. b5 axb5 26. axb5 cxb5 27. Bf1 Qf6 28. Bxb5 Rd6 29. R1c3 Rb6 30. Qc1 f4 31. Qd2 fxg3 32. hxg3 Qf3 33. Bf1 Rh6 34. Bg2 Qh5 35. Qa2 Qd1+ 36. Bf1 Rh1+ 37. Kxh1 Qxf1+ 38. Kh2 Rxf2+ 39. Qxf2 Qxf2+ 40. Kh1 Qf3+ 41. Kh2 Qf2+ 42. Kh1 Qxg3 43. Ra3 g4 44. Ra7 Qh3+ 45. Kg1 Qxe3+ 46. Kh1 Qxd4 0-1

[Event "Mondariz-A"]
[Site "Mondariz"]
[Date "1999.??.??"]
[Round "2"]
[White "Hernandez, Roman"]
[Black "Rivera Kuzawka, Daniel"]
[Result "1/2-1/2"]
[WhiteElo "2425"]
[BlackElo "2360"]
[PlyCount "42"]
[EventDate "1999.??.??"]
[Source "www.chesslib.no"]
[SourceDate "2004.05.04"]

1. d4 e6 2. Nf3 f5 3. g3 Nf6 4. Bg2 d5 5. O-O Be7 6. c4 O-O 7. b3 c6 8. Ba3 Bxa3 9. Nxa3 Bd7 10. Qc1 Be8 11. Nc2 Nbd7 12. Nce1 Qe7 13. Nd3 Bh5 14. Qb2 Rae8 15. Rac1 a6 16. e3 Ng4 17. a4 g5 18. a5 Bg6 19. Qe2 Bh5 20. Qd2 h6 21. Qb4 Qxb4 1/2-1/2

[Event "Berliner Sommer"]
[Site "Berlin"]
[Date "1996.??.??"]
[Round "3"]
[White "Haba, Petr"]
[Black "Bartsch, Steffen"]
[Result "1-0"]
[WhiteElo "2485"]
[BlackElo "2300"]
[PlyCount "81"]
[EventDate "1996.08.??"]
[Source "ChessBase"]

1. d4 d5 2. c4 e6 3. Nf3 c6 4. g3 f5 5. Bg2 Nf6 6. O-O Be7 7. b3 O-O 8. Ba3 Bxa3 9. Nxa3 Nbd7 10. Nc2 Ne4 11. Nce1 Ndf6 12. Nd3 Bd7 13. Qc2 Be8 14. Nfe5 Qe7 15. f3 Nd6 16. c5 Nf7 17. b4 Nxe5 18. dxe5 Nd7 19. f4 Nb8 20. Rfc1 Na6 21. Rab1 Nc7 22. a4 Bd7 23. Ne1 g5 24. e3 g4 25. h4 Rfb8 26. Bf1 a6 27. Qc3 Qd8 28. Nc2 Qe7 29. Nd4 Qd8 30. Rb2 Qe8 31. Rcb1 b5 32. cxb6 Rxb6 33. Rc1 Rc8 34. Qc5 Rcb8 35. a5 Rb5 36. Qd6 R5b7 37. Nxc6 Bxc6 38. Rxc6 Rd8 39. Qc5 Nb5 40. Rxa6 Rdb8 41. Qc6 1-0

[Event "Stary Smokovec"]
[Site "Stary Smokovec"]
[Date "1979.??.??"]
[Round "?"]
[White "Cvetkovic, Srdjan"]
[Black "Moehring, Guenther"]
[Result "1-0"]
[WhiteElo "2385"]
[BlackElo "2400"]
[PlyCount "81"]
[EventDate "1979.10.??"]
[Source "ChessBase"]

1. c4 f5 2. d4 Nf6 3. g3 e6 4. Bg2 Be7 5. Nf3 O-O 6. O-O d5 7. b3 c6 8. Ba3 Nbd7 9. Qc1 Ne4 10. e3 g5 11. Ne5 Nxe5 12. dxe5 g4 13. Rd1 Bd7 14. Qb2 b5 15. Bxe7 Qxe7 16. cxb5 cxb5 17. Nc3 Rfc8 18. Nxe4 fxe4 19. Rac1 Be8 20. Bf1 h5 21. Rd2 Qb7 22. Rdc2 Kf7 23. h3 gxh3 24. Bxh3 b4 25. Qd4 Rxc2 26. Rxc2 Bd7 27. f3 Qb6 28. fxe4 Qxd4 29. exd4 dxe4 30. d5 Ke7 31. d6+ Ke8 32. Bg2 Rc8 33. Rxc8+ Bxc8 34. Bxe4 Kf7 35. Kh2 Ba6 36. Kh3 Be2 37. Kh4 a5 38. Kg5 Ke8 39. Bg6+ Kd7 40. Bxh5 Bd3 41. Bg6 1-0

[Event "Copenhagen AS04"]
[Site "Copenhagen"]
[Date "1979.??.??"]
[Round "5"]
[White "Djuric, Stefan"]
[Black "Kristiansen, Jens"]
[Result "0-1"]
[WhiteElo "2415"]
[BlackElo "2365"]
[PlyCount "94"]
[EventDate "1979.??.??"]
[Source "www.chesslib.no"]
[SourceDate "2004.05.04"]

1. d4 f5 2. Nf3 Nf6 3. g3 e6 4. Bg2 Be7 5. O-O O-O 6. c4 d5 7. b3 c6 8. Ba3 Ne4 9. Bxe7 Qxe7 10. Ne5 Nd7 11. Nd3 dxc4 12. bxc4 e5 13. e3 c5 14. dxe5 Nxe5 15. Bxe4 fxe4 16. Nxe5 Qxe5 17. Qd5+ Qxd5 18. cxd5 b6 19. Nc3 Ba6 20. Rfd1 Bd3 21. a4 a6 22. Ra2 b5 23. axb5 axb5 24. Rxa8 Rxa8 25. f3 b4 26. Nxe4 Bc2 27. Rc1 Bxe4 28. fxe4 b3 29. Kf2 Ra2+ 30. Kf3 Rc2 31. Ra1 b2 32. Ra8+ Kf7 33. Rb8 Rd2 34. e5 c4 35. e6+ Kf6 36. e4 Rd3+ 37. Kg4 Rb3 38. Rf8+ Ke7 39. Rf7+ Kd6 40. Rd7+ Kc5 41. e7 Rb8 42. Rd8 b1=Q 43. e8=Q Rxd8 44. Qxd8 Qxe4+ 45. Kh3 Qf5+ 46. g4 Qf3+ 47. Kh4 Qf6+ 0-1

[Event "Corr"]
[Site "?"]
[Date "1996.04.15"]
[Round "?"]
[White "Nitsche Werner (GER)"]
[Black "Pavoni Flavio (ITA)"]
[Result "1-0"]
[WhiteElo "2395"]
[BlackElo "2385"]
[PlyCount "77"]
[EventDate "1996.??.??"]
[Source "www.chesslib.no"]
[SourceDate "2004.05.04"]

1. c4 e6 2. Nf3 f5 3. g3 Nf6 4. Bg2 Be7 5. O-O O-O 6. d4 d5 7. b3 c6 8. Ba3 Nbd7 9. Qc1 Ne4 10. Nbd2 Bxa3 11. Qxa3 b6 12. Rac1 Bb7 13. Rfd1 Qf6 14. cxd5 exd5 15. Ne1 Nxd2 16. Rxd2 f4 17. Nf3 fxg3 18. hxg3 Qh6 19. Rdc2 Rf7 20. b4 a5 21. bxa5 Rxa5 22. Qc3 Ra8 23. Qd2 Qf6 24. Bh3 Nf8 25. Rb1 Ra6 26. a4 Ba8 27. Rcb2 c5 28. Bc8 Rxa4 29. Rxb6 Qe7 30. Rb8 Bc6 31. dxc5 Rf6 32. Nd4 Qxc5 33. e3 Rc4 34. Be6+ Kh8 35. Nxc6 Qxc6 36. Bxd5 Rc2 37. Qb4 Qc5 38. Qxc5 Rxc5 39. e4 1-0

[Event "Lyon m"]
[Site "Lyon"]
[Date "1988.??.??"]
[Round "4"]
[White "Andruet, Gilles"]
[Black "Bernard, Christophe"]
[Result "0-1"]
[WhiteElo "2430"]
[BlackElo "2350"]
[PlyCount "150"]
[EventDate "1988.??.??"]
[Source "www.chesslib.no"]
[SourceDate "2004.05.04"]

1. d4 e6 2. c4 f5 3. g3 Nf6 4. Bg2 d5 5. Nf3 Be7 6. O-O O-O 7. b3 c6 8. Ba3 Nbd7 9. Qc1 Ne4 10. e3 a5 11. Ne1 b5 12. f3 Nd6 13. Bxd6 Bxd6 14. c5 Bc7 15. f4 b4 16. a4 Ba6 17. Rf2 Nf6 18. Bf1 Ne4 19. Rg2 Bxf1 20. Kxf1 g5 21. Nd2 Qe7 22. Nd3 Kh8 23. Ra2 Rg8 24. Nf3 Qe8 25. Nf2 Nc3 26. Rc2 g4 27. Nd2 Qc8 28. Nb1 Qa6+ 29. Ke1 Ne4 30. Nxe4 fxe4 31. Qd2 Raf8 32. Qe2 Qxe2+ 33. Rcxe2 Rf5 34. Nd2 Rg6 35. Nf1 Bd8 36. Rgf2 Kg7 37. Rc2 Kf6 38. Rfd2 Rh5 39. Rf2 Kf5 40. Rfd2 Rh3 41. Kf2 h5 42. Kg2 Rh6 43. Rf2 h4 44. Rc1 hxg3 45. hxg3 Rh1 46. Rcc2 R6h3 47. Rfe2 Bf6 48. Rf2 Kg6 49. Rce2 Kh5 50. Re1 R3h2+ 51. Nxh2 Rxe1 52. f5 exf5 53. Rxf5+ Bg5 54. Nf1 Rb1 55. Rf8 Rb2+ 56. Kg1 Rxb3 57. Rh8+ Bh6 58. Kf2 Rb2+ 59. Ke1 Ra2 60. Rb8 Rxa4 61. Rb6 Ra2 62. Kd1 Rf2 63. Ke1 Rb2 64. Rxc6 a4 65. Ra6 a3 66. c6 Rb1+ 67. Ke2 Rc1 68. Nd2 Rc3 69. Ra5 Rxe3+ 70. Kd1 Rd3 71. Rxd5+ Bg5 72. Rxg5+ Kxg5 73. c7 a2 74. c8=Q a1=Q+ 75. Ke2 Re3+ 0-1

[Event "Zenica"]
[Site "Zenica"]
[Date "1987.??.??"]
[Round "?"]
[White "Lalic, Bogdan"]
[Black "Kobas, Adnan"]
[Result "1/2-1/2"]
[WhiteElo "2440"]
[BlackElo "2335"]
[PlyCount "133"]
[EventDate "1987.04.??"]
[Source "www.chesslib.no"]
[SourceDate "2004.05.04"]

1. d4 e6 2. Nf3 f5 3. g3 Nf6 4. Bg2 Be7 5. O-O O-O 6. c4 d5 7. b3 c6 8. Ba3 Bd7 9. Qc1 Be8 10. Ng5 Bf7 11. Bb2 Nbd7 12. e3 Bd6 13. Nc3 Ne4 14. Nxf7 Rxf7 15. Ne2 Qe7 16. Qc2 Raf8 17. f3 Nef6 18. Nc3 h5 19. Qe2 h4 20. gxh4 Nh5 21. f4 Qxh4 22. Rf3 g6 23. Rh3 Qe7 24. Bf3 Ndf6 25. Kh1 Rh7 26. Qg2 Qg7 27. c5 Bc7 28. Rg1 Kf7 29. Qf1 Rfh8 30. Rg2 Rh6 31. Qg1 Ba5 32. a3 Bxc3 33. Bxc3 Ne4 34. Bxe4 dxe4 35. Be1 Nf6 36. Rhg3 Ng4 37. Rxg4 fxg4 38. Bg3 Qf6 39. Qf1 Qf5 40. Qc4 Rd8 41. Qa4 a6 42. Qc4 Qd5 43. Kg1 Qxc4 44. bxc4 Kf6 45. Rb2 Rh7 46. a4 a5 47. Kg2 Kf5 48. Rb1 Ra8 49. Rb2 Ra7 50. Rb1 Kf6 51. Rb2 Ra8 52. Rb6 Rah8 53. Rb1 Rd7 54. Rb2 Ke7 55. Be1 Rh3 56. Bg3 Kd8 57. Rb1 Rdh7 58. Rb6 R3h5 59. Rb2 Kc8 60. Rb1 Rh8 61. Rb2 Rh3 62. Rb1 Kc7 63. Rb3 Ra8 64. Rb6 Kc8 65. Rb1 Rh5 66. Rb2 Rf5 67. Bh4 1/2-1/2

[Event "Moscow Open"]
[Site "Moscow RUS"]
[Date "1990.??.??"]
[Round "?"]
[White "Saidy, Anthony F"]
[Black "Gusev, Yuri S"]
[Result "1-0"]
[WhiteElo "2380"]
[BlackElo "2380"]
[PlyCount "83"]
[EventDate "1990.09.??"]
[Source "www.chesslib.no"]
[SourceDate "2004.05.04"]

1. d4 e6 2. c4 f5 3. g3 Nf6 4. Bg2 d5 5. Nf3 c6 6. O-O Bd6 7. b3 O-O 8. Ba3 Bxa3 9. Nxa3 Qe7 10. Qc1 Nbd7 11. Qb2 b6 12. cxd5 exd5 13. e3 Bb7 14. Rfd1 Ne4 15. Ne5 Nxe5 16. dxe5 Rae8 17. f3 Ng5 18. h4 Ne6 19. b4 g5 20. hxg5 Qxg5 21. Qf2 Qe7 22. Nc2 Ng5 23. Rab1 Qg7 24. f4 Ne4 25. Bxe4 fxe4 26. Qe1 Re6 27. Rd2 Rg6 28. Rg2 Bc8 29. Nd4 Bh3 30. Rc1 Bxg2 31. Kxg2 Qd7 32. Qe2 Qg7 33. Qf2 Rc8 34. f5 Rh6 35. f6 Qg4 36. Qf5 Rg6 37. f7+ Kf8 38. Ne6+ Ke7 39. f8=Q+ Rxf8 40. Qxf8+ Kxe6 41. Qe8+ Kf5 42. Rf1+ 1-0

[Event "Roskilde"]
[Site "Roskilde"]
[Date "1978.??.??"]
[Round "8"]
[White "Rosenlund, Thorbjorn"]
[Black "Rajna, George"]
[Result "1/2-1/2"]
[WhiteElo "2340"]
[BlackElo "2410"]
[PlyCount "140"]
[EventDate "1978.02.??"]
[Source "ChessBase"]

1. Nf3 f5 2. g3 Nf6 3. Bg2 e6 4. O-O Be7 5. d4 O-O 6. c4 c6 7. b3 d5 8. Ba3 Bd7 9. Bxe7 Qxe7 10. Nbd2 Be8 11. Ne5 Bh5 12. Ndf3 Nbd7 13. Qd3 Bxf3 14. Nxf3 Rae8 15. e3 Ne4 16. b4 g5 17. cxd5 cxd5 18. Rfc1 Rc8 19. Qa3 a6 20. Qa5 Nd6 21. Nd2 h5 22. Qa4 g4 23. Bf1 Nf6 24. Nb3 Nfe4 25. Nc5 Rc7 26. Nd3 Rfc8 27. Rxc7 Rxc7 28. Nf4 h4 29. Qd1 hxg3 30. hxg3 Nc3 31. Qb3 Nde4 32. Bg2 Nd2 33. Qb2 Nce4 34. Bxe4 Nxe4 35. Rc1 Rc4 36. Rxc4 dxc4 37. d5 c3 38. Qb3 Kh7 39. Nxe6 Qf6 40. Nd4 Qd6 41. Qc4 Kg6 42. Ne6 Kf6 43. Nf4 Qd7 44. Ne2 Kg5 45. Nxc3 Nxc3 46. Qxc3 Qxd5 47. Qb3 Qf3 48. a4 Qc6 49. b5 axb5 50. axb5 Qf3 51. Qd3 Kh5 52. Qd4 Kg6 53. Qd6+ Kf7 54. Qd7+ Kg6 55. Qd6+ Kf7 56. b6 Qe4 57. Kf1 Qb1+ 58. Ke2 Qc2+ 59. Qd2 Qxd2+ 60. Kxd2 Ke6 61. Ke2 Kd6 62. f4 gxf3+ 63. Kxf3 Ke5 64. e4 fxe4+ 65. Ke2 Ke6 66. Kd2 Kd6 67. g4 Kd5 68. Ke2 Ke6 69. Kf2 Kf6 70. Ke2 Ke6 1/2-1/2

[Event "Pula tt2"]
[Site "Pula"]
[Date "1990.??.??"]
[Round "2"]
[White "Stanojevic, Branko"]
[Black "Kosanovic, Goran A"]
[Result "1-0"]
[WhiteElo "2330"]
[BlackElo "2405"]
[PlyCount "80"]
[EventDate "1990.??.??"]
[Source "www.chesslib.no"]
[SourceDate "2004.05.04"]

1. d4 d5 2. Nf3 c6 3. g3 e6 4. Bg2 f5 5. O-O Nf6 6. c4 Bd6 7. b3 O-O 8. Ba3 Bxa3 9. Nxa3 Nbd7 10. Nc2 b6 11. Nb4 Bb7 12. Rc1 Rc8 13. Nd3 Qe7 14. Nfe5 Nxe5 15. dxe5 Ne4 16. Qc2 c5 17. f3 Ng5 18. e3 Rcd8 19. cxd5 exd5 20. f4 Ne4 21. Nf2 Qe6 22. Rfd1 Rd7 23. Qe2 Rfd8 24. g4 Nxf2 25. gxf5 Qxf5 26. Qxf2 d4 27. Bxb7 Rxb7 28. Qf3 Rf7 29. exd4 cxd4 30. Rf1 d3 31. Rc4 d2 32. Rd1 Qxe5 33. fxe5 Rxf3 34. Re4 Kf7 35. Kg2 Rfd3 36. Kf2 Ke6 37. Ke2 R8d4 38. Rg4 Rxg4 39. Kxd3 Kxe5 40. Kxd2 Rd4+ 1-0

[Event "FRM Ch"]
[Site "Struga"]
[Date "1993.??.??"]
[Round "4"]
[White "Sofrevski, Jovan"]
[Black "Zahariev, Pance"]
[Result "1-0"]
[WhiteElo "2415"]
[BlackElo "2320"]
[PlyCount "129"]
[EventDate "1993.??.??"]
[Source "www.chesslib.no"]
[SourceDate "2004.05.04"]

1. d4 f5 2. g3 Nf6 3. Bg2 e6 4. Nf3 Be7 5. O-O O-O 6. c4 d5 7. b3 c6 8. Ba3 Bd7 9. Bxe7 Qxe7 10. Nbd2 Be8 11. Ne5 Bh5 12. Ndf3 Nbd7 13. Qc2 Nxe5 14. Nxe5 Nd7 15. Nd3 g5 16. e3 a5 17. Rfe1 Bg6 18. Qc3 Qd6 19. a3 Bf7 20. c5 Qc7 21. b4 Bg6 22. f4 h6 23. Reb1 Bh5 24. Qd2 axb4 25. axb4 Nf6 26. Qb2 Rfb8 27. Ne5 Be8 28. Rxa8 Rxa8 29. Ra1 Qd8 30. Ra3 Nd7 31. Nd3 b5 32. Qa1 Rxa3 33. Qxa3 Qc8 34. Qa7 g4 35. Nc1 h5 36. Nb3 Kf8 37. Na5 Nf6 38. Nb7 Qd7 39. Qb8 h4 40. gxh4 Qh7 41. Qd6+ Qe7 42. Qe5 Qxb7 43. Qxf6+ Qf7 44. Qe5 Ke7 45. Kf2 Qf6 46. Qc7+ Kf8 47. Kg3 Qf7 48. Qe5 Kg8 49. Bf1 Kh7 50. Be2 Bd7 51. Qd6 Qe8 52. Qc7 Qc8 53. Qd6 Qe8 54. h3 gxh3 55. Kxh3 Kh6 56. Qc7 Qc8 57. Qa7 Qd8 58. Qa1 Qg8 59. Qe1 Be8 60. h5 Qg7 61. Qh4 Qg1 62. Qf6+ Kh7 63. Qe7+ Kh6 64. Qxe6+ Kh7 65. Qe7+ 1-0

[Event "Ano Liosia Open"]
[Site "Ano Liosia GRE"]
[Date "1995.??.??"]
[Round "7"]
[White "Kalesis, Nikolaos"]
[Black "Karayannis, Athanasios"]
[Result "1-0"]
[WhiteElo "2410"]
[BlackElo "2320"]
[PlyCount "85"]
[EventDate "1995.??.??"]
[Source "www.chesslib.no"]
[SourceDate "2004.05.04"]

1. d4 f5 2. g3 Nf6 3. Bg2 e6 4. Nf3 d5 5. c4 c6 6. O-O Be7 7. b3 O-O 8. Ba3 Bd7 9. Bxe7 Qxe7 10. Qc1 Be8 11. Qa3 Qxa3 12. Nxa3 Bh5 13. Rfe1 Nbd7 14. Ng5 Rae8 15. Nh3 h6 16. Nf4 Bf7 17. cxd5 exd5 18. b4 a6 19. Nd3 Ne4 20. Nc5 Ndxc5 21. bxc5 Be6 22. e3 Bc8 23. Nc2 g5 24. f4 Nf6 25. h3 Re7 26. Nb4 Rfe8 27. Kf2 Ne4+ 28. Bxe4 fxe4 29. Kg2 Rf8 30. Rf1 Ref7 31. Rf2 h5 32. Raf1 Kh7 33. a3 gxf4 34. Rxf4 Rxf4 35. Rxf4 Rxf4 36. exf4 Kg6 37. Nc2 Kf5 38. Ne3+ Ke6 39. g4 hxg4 40. hxg4 b6 41. cxb6 Kd7 42. g5 Kd6 43. f5 1-0

[Event "Moscow RUS"]
[Site "?"]
[Date "1991.??.??"]
[Round "?"]
[White "Kodinets Konstantin L"]
[Black "Moldavsky Roman S"]
[Result "1-0"]
[WhiteElo "2409"]
[BlackElo "2320"]
[PlyCount "97"]
[EventDate "1991.??.??"]
[Source "www.chesslib.no"]
[SourceDate "2004.05.04"]

1. d4 e6 2. Nf3 f5 3. c4 Nf6 4. g3 c6 5. Bg2 d5 6. O-O Be7 7. b3 O-O 8. Ba3 Nbd7 9. Qc2 Ne4 10. Bxe7 Qxe7 11. Nc3 Qb4 12. Rfc1 Qe7 13. e3 g5 14. Ne2 Qg7 15. Ne1 Qh6 16. Nd3 Ndf6 17. f3 Nd6 18. Ne5 Bd7 19. Rf1 Rad8 20. Rae1 Be8 21. Nc1 Bg6 22. c5 Nf7 23. Ncd3 Nd7 24. Nxd7 Rxd7 25. f4 g4 26. b4 Qg7 27. a4 Rc7 28. Qa2 Rb8 29. Rf2 a6 30. Bf1 Nd8 31. Rb2 Be8 32. Reb1 Qe7 33. Rb3 Kg7 34. Nf2 h5 35. Nd1 e5 36. dxe5 Ne6 37. Bd3 Bg6 38. Nf2 a5 39. Qc2 axb4 40. Bxf5 Bxf5 41. Qxf5 Nxc5 42. Rxb4 Kh6 43. Kg2 Ra8 44. Qc2 Na6 45. Rxb7 Rac8 46. Rxc7 Rxc7 47. Qf5 Nc5 48. Rb8 Qg7 49. Rf8 1-0

[Event "Tenkes Cup 25th"]
[Site "?"]
[Date "2001.11.22"]
[Round "4"]
[White "Fancsy Imre"]
[Black "Chetverik Maxim"]
[Result "1/2-1/2"]
[WhiteElo "2408"]
[BlackElo "2311"]
[PlyCount "42"]
[EventDate "2001.??.??"]
[Source "www.chesslib.no"]
[SourceDate "2004.05.04"]

1. Nf3 f5 2. g3 Nf6 3. Bg2 e6 4. O-O Be7 5. d4 O-O 6. b3 c6 7. c4 d5 8. Ba3 Nbd7 9. Qc2 Bxa3 10. Nxa3 Ne4 11. e3 Qa5 12. Qb2 b5 13. cxb5 cxb5 14. Rfc1 Bb7 15. b4 Qb6 16. Ne5 Nxe5 17. dxe5 Rac8 18. Nc2 Rc4 19. Na3 Rcc8 20. Qd4 Qa6 21. Qb2 Qb6 1/2-1/2

[Event "Oberwart Open"]
[Site "Oberwart AUT"]
[Date "1991.??.??"]
[Round "?"]
[White "Plachetka, Jan"]
[Black "Schubert, Christian"]
[Result "1-0"]
[WhiteElo "2425"]
[BlackElo "2285"]
[PlyCount "77"]
[EventDate "1991.07.??"]
[Source "www.chesslib.no"]
[SourceDate "2004.05.04"]

1. d4 f5 2. g3 e6 3. Bg2 Nf6 4. Nf3 d5 5. O-O Be7 6. c4 c6 7. b3 O-O 8. Ba3 Bxa3 9. Nxa3 Bd7 10. Nc2 Be8 11. Nce1 Bh5 12. Ne5 Nbd7 13. N1d3 Nxe5 14. Nxe5 Ng4 15. Nxg4 Bxg4 16. Qd2 f4 17. gxf4 Rf6 18. f3 Bh5 19. e3 Rh6 20. Qf2 Bf7 21. Kh1 Kh8 22. Rg1 Qf6 23. Bf1 Rh5 24. Bd3 Rg8 25. cxd5 exd5 26. f5 g6 27. fxg6 hxg6 28. Rg3 Rg7 29. Rag1 Rgh7 30. R1g2 R7h6 31. f4 Rh3 32. Qf3 R3h4 33. Rg5 Qd8 34. Qf2 Qf6 35. Qg1 R4h5 36. Bxg6 Bxg6 37. Rxg6 Rxg6 38. Rxg6 Qf7 39. Qg4 1-0

[Event "BL2-West 0102"]
[Site "Germany"]
[Date "2002.02.03"]
[Round "5.5"]
[White "Schulz, Klaus Juergen"]
[Black "Freckmann, Mark"]
[Result "1-0"]
[WhiteElo "2393"]
[BlackElo "2313"]
[PlyCount "93"]
[EventDate "2001.10.07"]
[Source "ChessBase"]
[SourceDate "2002.07.08"]

1. d4 d5 2. Nf3 e6 3. g3 f5 4. Bg2 Nf6 5. O-O c6 6. c4 Be7 7. b3 O-O 8. Ba3 Bd7 9. Bxe7 Qxe7 10. Nbd2 Be8 11. Ne5 Nbd7 12. Ndf3 Bh5 13. Re1 Nxe5 14. Nxe5 Nd7 15. Nxd7 Qxd7 16. Qc1 Rad8 17. e3 Qe7 18. Qc3 g5 19. b4 Bf7 20. cxd5 exd5 21. a4 Qf6 22. b5 Be8 23. Qa5 h5 24. Qxa7 h4 25. Qxb7 hxg3 26. fxg3 f4 27. gxf4 gxf4 28. Rf1 Rf7 29. Qb6 Rg7 30. Rxf4 Qg5 31. Rf2 Rd6 32. Qb8 Qe7 33. Re1 cxb5 34. axb5 Kh7 35. Kh1 Bh5 36. Qf8 Qc7 37. Qf4 Qe7 38. Qf5+ Kh6 39. Qf4+ Kh7 40. Qf5+ Kh6 41. Qf8 Qd7 42. Rf6+ Rxf6 43. Qxf6+ Rg6 44. Qh8+ Kg5 45. Rg1 Bg4 46. h4+ Kf5 47. Qe5# 1-0

[Event "ROM-ch sf"]
[Site "Tusnad"]
[Date "2000.??.??"]
[Round "2"]
[White "Foisor, Ovidiu"]
[Black "Chiricuta, Marius"]
[Result "1/2-1/2"]
[WhiteElo "2424"]
[BlackElo "2281"]
[PlyCount "70"]
[EventDate "2000.05.??"]
[Source "www.chesslib.no"]
[SourceDate "2004.05.04"]

1. d4 d5 2. Nf3 e6 3. c4 f5 4. g3 Nf6 5. Bg2 c6 6. O-O Bd6 7. b3 O-O 8. Ba3 Bxa3 9. Nxa3 Qe7 10. Qc1 Nbd7 11. Qb2 Ne4 12. Nc2 g5 13. Nce1 g4 14. Nh4 Qg7 15. Nd3 Ndf6 16. Rac1 Bd7 17. b4 Nd6 18. Ne5 dxc4 19. Nxc4 Nxc4 20. Rxc4 Ne8 21. e3 Nd6 22. Rc2 a6 23. a4 Rad8 24. Rfc1 Be8 25. Rc5 Qf6 26. Qe2 h5 27. Qa2 Bf7 28. Qc2 Be8 29. Qa2 Bf7 30. Re5 Kh8 31. Re1 Rd7 32. Rc1 Rfd8 33. Qa1 Be8 34. Qa2 Re7 35. Rec5 Rf7 1/2-1/2

[Event "Kecskemet2"]
[Site "Kecskemet"]
[Date "1993.??.??"]
[Round "2"]
[White "Gyimesi, Zoltan"]
[Black "Habibi, Ali"]
[Result "1-0"]
[WhiteElo "2390"]
[BlackElo "2310"]
[PlyCount "93"]
[EventDate "1993.??.??"]
[Source "www.chesslib.no"]
[SourceDate "2004.05.04"]

1. d4 e6 2. c4 f5 3. g3 Nf6 4. Bg2 d5 5. Nf3 Be7 6. O-O O-O 7. b3 c6 8. Ba3 Ne4 9. Bxe7 Qxe7 10. Qc2 Nd7 11. Nbd2 Qd6 12. Rac1 a5 13. c5 Qe7 14. Ne5 Nexc5 15. Nxc6 bxc6 16. dxc5 Ba6 17. Rfe1 e5 18. Qc3 Rfb8 19. Qxa5 Bb5 20. Qc7 Rxa2 21. Nb1 Raa8 22. Nc3 Rc8 23. Qd6 Qxd6 24. cxd6 e4 25. Bh3 g6 26. g4 Rf8 27. gxf5 gxf5 28. Nxb5 cxb5 29. Red1 Nb6 30. Rc6 Rab8 31. d7 Kg7 32. Bxf5 Rxf5 33. Rxb6 Rd8 34. Rd6 Kf7 35. R1xd5 Rxd5 36. Rxd5 Ke6 37. Rd4 Ke5 38. e3 Rg8+ 39. Kf1 Rd8 40. Ke2 h6 41. Kd2 b4 42. Ke2 Kf5 43. Rd1 Kg4 44. Rd5 Kh3 45. Kf1 Kh4 46. Ke2 Kh3 47. f3 1-0

[Event "Belgrade Beopromet"]
[Site "Belgrade"]
[Date "1993.??.??"]
[Round "8"]
[White "Ostojic, Nikola"]
[Black "Arsovic, Aleksandar"]
[Result "1/2-1/2"]
[WhiteElo "2445"]
[BlackElo "2255"]
[PlyCount "76"]
[EventDate "1993.03.??"]
[Source "ChessBase"]

1. Nf3 e6 2. g3 f5 3. Bg2 Nf6 4. O-O d5 5. c4 c6 6. b3 Bd6 7. d4 O-O 8. Ba3 Bxa3 9. Nxa3 Qd6 10. Nc2 Nbd7 11. Nce1 b6 12. Nd3 Bb7 13. Qc2 Rac8 14. cxd5 cxd5 15. Qb2 Ba6 16. Nde5 Ne4 17. Rfc1 Nxe5 18. Nxe5 Nf6 19. e3 Nd7 20. Nf3 h6 21. Bf1 Bxf1 22. Kxf1 b5 23. Ne1 b4 24. Nd3 Nf6 25. f3 a5 26. Kg2 Nd7 27. Rc2 Rxc2+ 28. Qxc2 e5 29. dxe5 Nxe5 30. Rd1 Ng6 31. Qc5 Qxc5 32. Nxc5 Ne7 33. Kf2 Rc8 34. Rc1 Ng6 35. f4 Nf8 36. Ke2 Ne6 37. Nd3 Rxc1 38. Nxc1 Kf7 1/2-1/2